000 00726nam a2200253Ia 4500
003 OSt
005 20220924114740.0
006 a|||||r|||| 00| 0
007 ta
008 220923b |||||||| |||| 00| 0 ara d
024 _a340574
037 _cTextual
040 _aARTS
_cARTS
_bara
041 _2ara
_aara
082 _aP28, G4
100 _aAbdullah Jamaluddin Abu Mohammad Au.
_9175152
245 0 _aKitab awzah al masalik ila al feiha ibn malik
260 _aCairo
_bDar-al-kutub Egypt
_c1934
300 _a127p.
_ccm.
650 _a LINGUISTICS
650 _aARABIC LANGUAGE
_931794
942 _hP28, G4
_cTEXL
_2CC
999 _c395088
_d395088